| 000 | 01179nam a22002777a 4500 | ||
|---|---|---|---|
| 999 |
_c121601 _d121601 |
||
| 003 | dpl | ||
| 005 | 20190425113543.0 | ||
| 008 | 190425b ||||| |||| 00| 0 eng d | ||
| 010 | _aB-072973 | ||
| 020 | _c100.00 | ||
| 035 | _aB-072973, B-072977 | ||
| 037 | _bCen Lib/Ret | ||
| 040 |
_aDPL _bHN _c0 |
||
| 082 |
_a305.9738 _bटाकवै |
||
| 100 |
_aटाक, वैद रतिराम _945274 |
||
| 245 |
_aकुंभकार व मिट्टी के कई रंग-रूप / _cवैद रतिराम टाक |
||
| 246 |
_aKumbhkaar v mitti ke kai rang-roop / _bby Vaid Ratiram Tak |
||
| 260 |
_aबीकानेर _bराम पुस्तक माला _c2002 |
||
| 270 |
_aसर्वोदय बस्ती _bबीकानेर |
||
| 300 |
_a79पृ. _c19सेमी(अजिल्द) |
||
| 650 |
_aविभिन्न धर्मों की भूमिका -- भारत _999655 |
||
| 650 |
_aभारत - इतिहास _93679 |
||
| 650 |
_aThe role of different religions - India _999656 |
||
| 650 |
_aIndia - History _924174 |
||
| 942 |
_2ddc _cHN _h305.9738 _mटाकवै |
||